Handbook of air conditioning system design

Bibliographic Details
Corporate Author: Carrier Air Conditioning Company
Format: Book
Published: London : McGrawHill , 1965
Subjects:

MARC

LEADER 00000cam a2200000 7i4500
001 0000008944
005 20220328.0
020 |a 07010090X 
040 |a INS 
090 0 0 |a TH7687   |b C32 1965 
110 2 |a Carrier Air Conditioning Company 
245 0 0 |a Handbook of air conditioning system design   |c compiled by Carrier Air Conditioning Company 
260 |a London :   |b McGrawHill ,   |c 1965 
300 |a 1 v. (various pagings) :   |b ill. (part col.) ;   |c 30cm. 
500 |a Includes index 
650 0 |a Air conditioning   |v Handbooks, manuals, etc. 
650 0 0 |a Buildings   |x Maintenance   |x Management handbooks,manuals,etc. 
710 1 |a Carrier Air Conditioning Company 
999 |a 0000022264   |b BOOK   |c Open Shelf   |e Default branch